000 00429nam a22001577a 4500
003 OSt
005 20251031120132.0
008 251031b |||||||| |||| 00| 0 eng d
022 _a0040-5639
100 _aUlrich L. Lehner
245 _aANDERSON, CLAUS A.:
_bMetaphysik im Barockscotimus
260 _aUSA,
_bSages Publications;
_c2018
300 _aP.227-228
440 _aTheological Studies
_nNo.1
_vVol.79
942 _2lcc
_cART
999 _c205027
_d204987